Guess the Pokémon by Base Stat Spread - Mega Evolution Edition - Statistics

General Stats
  • This quiz has been taken 40 times
  • The average score is 6 of 15
Answer Stats
Total HP Attack Defense Sp. Attack Sp. Defense Speed Pokémon % Correct
778 216 70 91 216 85 100 Zygarde
71%
700 91 124 115 145 125 100 Dragonite
61%
780 106 190 100 154 100 130 Mewtwo X
61%
700 80 145 150 105 110 110 Metagross
55%
625 80 100 123 122 120 80 Venusaur
52%
480 50 105 125 55 95 50 Mawile
42%
590 95 75 180 130 80 30 Slowbro
42%
600 60 65 80 170 95 130 Gengar
39%
630 80 160 80 130 80 100 Blaziken
32%
700 70 120 130 165 130 85 Darkrai
32%
565 65 140 110 40 100 110 Skarmory
26%
580 80 120 80 120 80 100 Glalie
23%
585 60 100 55 160 80 130 Raichu Y
23%
630 75 150 175 70 120 40 Golisopod
19%
582 86 102 88 98 120 88 Malamar
19%
No matching quizzes found
Score Distribution
Percent of People with Each Score
Percentile by Number Answered
Your Score History
You have not taken this quiz